00438 a2200109 4500082001000000100002300010245008100033260008200114300003400196500004100230856005700271 aMIT-6 aMuhammad Atif Khan aSemantically enriched preference based meeting schedulercMuhammad Atif Khan aIslamabad :bNUST School of Electrical Engineering & Computer Science,c2009. axiii, 69 p. :bill. ;c27 cm. aSupervisor : Dr. Hafiz Farooq Ahmad. uhttp://10.250.8.41:8080/xmlui/handle/123456789/31920